000 04709cam a22018854i 4500
003 PE-LiUPU
005 20250813165644.0
008 150625s2006 ck a r 000 0 d
020 _a9588203236
035 _a(Sirsi) i9789588203232
040 _aPE-LiUPU
_bspa
_cPE-LiUPU
_erda
049 _aPRUA
082 0 4 _a664
_bM22
_221
082 0 4 _a641.572
_bD98
245 0 0 _aManual del ingeniero de alimentos /
_cEditado por Grupo Latino Ltda.
264 1 _aCartagena, Colombia :
_bGrupo Latino,
_c2006.
300 _a482 páginas :
_bilustraciones ;
_c27 centímetros
300 _a483 páginas :
_bilustraciones ;
_c27 centímetros
336 _atext
_2rdacontent
337 _aunmediated
_2rdamedia
338 _avolume
_2rdacarrier
490 0 _aVolvamos al campo
504 _aIncluye bibliografía al final del libro.
505 0 _aControl de calidad e higiene de los alimentos -- Microbiología de los alimentos -- Tecnología de alimentos -- La agricultura orgánica -- Evaluación de los alimentos -- Alimentos transgénicos.
526 _aP203
526 _aP200
526 _aSEG65
526 _aSEG64
526 _aSEG63
526 _aSEG62
526 _aSEG61
526 _aSEG60
526 _aSEG59
526 _aSEG58
526 _aSEG57
526 _aSEG56
526 _aSEG55
526 _aSEG54
526 _aSEG53
526 _aSEG52
526 _aSEG51
526 _aSEG50
526 _aSEG49
526 _aSEG48
526 _aSEG47
526 _aSEG46
526 _aSEG24
526 _aSEG23
526 _aSEG22
526 _aSEG21
526 _aSEG20
526 _aSEG19
526 _aSEG18
526 _aSEG17
526 _aSEG16
526 _aSEG14
526 _aSEG13
526 _aSEG12
526 _aSEG11
526 _aSEG10
526 _aSEG09
526 _aSEG06
526 _aSEG05
526 _aSEG04
526 _aSEG03
526 _aSEG02
526 _aSEG68
526 _aSEG66
526 _aSEG45
526 _aSEG25
526 _aSEG01
526 _aP163
526 _aP162
526 _aP161
526 _aP160
526 _aP159
526 _aP158
526 _aP157
526 _aP156
526 _aP155
526 _aP154
526 _aP153
526 _aP152
526 _aP151
526 _aP150
526 _aP149
526 _aP142
526 _aP141
526 _aP140
526 _aP139
526 _aP138
526 _aP137
526 _aP132
526 _aP131
526 _aP130
526 _aP126
526 _aP125
526 _aP124
526 _aP123
526 _aP115
526 _aP122
526 _aP121
526 _aP116
526 _a P114
526 _aP112
526 _aP111
526 _aP104
526 _aP103
526 _aP102
526 _aP101
526 _aP100
526 _aP96
526 _aP95
526 _aP93
526 _aP92
526 _aP91
526 _aP88
526 _aP83
526 _aP82
526 _aP79
526 _aP78
526 _aP75
526 _aP74
526 _aP71
526 _aP69
526 _a P51
526 _aP49
526 _aP48
526 _aP47
526 _aP33
526 _aP31
526 _a P30
526 _aP29
526 _aP27
526 _aP26
526 _aP25
526 _aP24
526 _a P22
526 _aP10
526 _aP09
526 _a P08
526 _aP06
526 _aP05
526 _aP04
526 _aP01
541 _g001-002002;
650 0 4 _aTecnología de alimentos.
_93263
700 1 _aDurán Ramirez, Felipe,
_edirector.
710 2 _a.Grupo Latino Ltda.
910 _armch
_btqv
_cjfb
_d201801024
942 _2ddc
_cBOOK
949 _a664 M22
_wDEWEY
_c1
_i56524
_d2016-10-24
_e2016-10-24
_lCCODEBUL1
_mBUL
_n6
_p43.00
_r0
_sY
_tBOOK
_u2015-6-25
_xINGENIERIA
_zUNKNOWN
_0COMPRA
_o.STAFF. Colección General
949 _a641.572 D98 2006
_wDEWEY
_c1
_iFJ11861
_lCCODEBUJ1
_mBUJ
_p43.00
_r0
_sY
_tBOOK
_u2018-10-24
_xINGENIERIA
_PP26
_0COMPRA
_o.STAFF. Colección General Juliaca
994 _aC0
_bPEPRU
596 _a1 3
596 _aBCJ
999 _a664 M22
_wDEWEY
_c45732
_i56524
_d45732
_e2016-10-24
_f2021-11-9
_g7
_lCCODEBUL1
_mBUL
_n6
_p43.00
_q6
_r0
_sY
_tBOOK
_u2015-6-25
_xINGENIERIA
_zUNKNOWN
_0COMPRA
_o.STAFF. Colección General
999 _a641.572 D98 2006
_wDEWEY
_c1
_iFJ11861
_d2018-10-29
_f2022-1-26
_g3
_lCCODEBUJ1
_mBUJ
_p43.00
_q1
_r0
_sY
_tBOOK
_u2018-10-24
_xINGENIERIA
_PP26
_0COMPRA
_o.STAFF. Colección General Juliaca
980 _81
_gALBERTO SANCHEZ Responsable de Automatización